000 00338nam a2200121Ia 4500
008 220204s9999 xx 000 0 und d
082 _a681.31ASP
_bAND
100 _aAnderson, Richard
245 0 _aASP 3.0 programmer's reference
260 _aMumbai
_bShroff Publishers & Distributers
_c2000
650 _aActive server pages
942 _cBK
999 _c41992
_d41992